Maggior numero di Vittorie al Gran Premio del Belgio - Statistics

Statistiche generali
  • Questo quiz è stato fatto 4 volte
  • Il punteggio medio è 11 su 13
Statistiche sulle risposte
Numero vittorie Stagioni delle vittorie Pilota % Corretto
2 1983, 1987 Alain Prost
100%
5 1985, 1988, 1989, 1990, 1991 Ayrton Senna
100%
3 2021, 2022, 2023 BMax Verstappen
100%
2 1975, 1976 BNiki Lauda
100%
3 1993, 1994, 1998 Damon Hill
100%
4 2010, 2015, 2017, 2020 Lewis Hamilton
100%
6 1992, 1995, 1996, 1997, 2001, 2002 Michael Schumacher
100%
3 2011, 2013, 2018 Sebastian Vettel
100%
2 1972, 1974 Emerson Fittipaldi
67%
4 1962, 1963, 1964, 1965 Jim Clark
67%
4 2004, 2005, 2007, 2009 Kimi Räikkönen
67%
3 1950, 1954, 1955 Manuel Fangio
67%
2 1952, 1953 Alberto Ascari
33%
Nessun quiz corrispondente trovato
Distribuzione punteggi
Percentuale di utenti per punteggio
Percentile per numero di risposta
I tuoi punteggi nel tempo
Non hai fatto questo quiz